Les pays en B - Carte Quiz - Statistiques

Statistiques générales
  • Ce quiz a été pris 134 fois
  • Le résultat moyen est 10 sur 17
Réponses sur la Carte
Les réponses sont colorées sur une échelle allant du rouge au vert en fonction du pourcentage des utilisateurs qui les ont devinées à leur premier essai. Vous pouvez retrouver ces pourcentages ci-dessous.
 
Statistiques - réponses
Réponse % Correct
Belgique
84%
Birmanie
82%
Bhoutan
78%
Bolivie
77%
Biélorussie
74%
Burkina Faso
73%
Bosnie-Herzégovine
72%
Bulgarie
71%
Botswana
69%
Bahamas
58%
Burundi
58%
Belize
57%
Bangladesh
53%
Bénin
53%
Brunei
32%
Bahreïn
28%
Barbade
28%
Aucun quiz correspondant
Distribution des résultats
% des personnes avec chaque résultat
Percentile par nombre de réponses
Votre historique - résultats
Vous n’avez pas pris ce quiz